[Event "DEN-chT 2122 59th"]
[Site "Denmark"]
[Date "2022.01.16"]
[Round "4.1"]
[White "Bank Friis, Carsten"]
[Black "Andersen, Jackie"]
[Result "0-1"]
[WhiteElo "2212"]
[BlackElo "2398"]
[PlyCount "78"]
[EventDate "2021.10.30"]
[EventType "team-tourn"]
[EventRounds "9"]
[EventCountry "DEN"]
[SourceTitle "EXT 2023"]
[Source "ChessBase"]
[SourceDate "2022.10.05"]
[SourceVersion "1"]
[SourceVersionDate "2022.10.05"]
[SourceQuality "1"]
[WhiteTeam "Fredericia"]
[BlackTeam "Skanderborg Nordea"]
[WhiteTeamCountry "DEN"]
[BlackTeamCountry "DEN"]

1. Nf3 d5 2. e3 Nf6 3. c4 e6 4. b3 a6 5. Bb2 Be7 6. d4 0-0 7. Bd3 dxc4 8. bxc4 c5 9. 0-0 Nc6 10. Nc3 cxd4 11. exd4 Kh8 12. Qb3 Bd7 13. a4 Rc8 14. Rfd1 Qc7 15. c5 Rb8 16. Be2 b6 17. Bxa6 bxc5 18. Bb5 cxd4 19. Nxd4 Bc5 20. Nf3 Qa7 21. Qc2 Nb4 22. Qe2 Nbd5 23. Nxd5 Nxd5 24. Ne5 Bxb5 25. axb5 Qb7 26. Rab1 f6 27. Nd3 Qxb5 28. Qxe6 Ba7 29. Qf5 Qb3 30. Ne1 Ne7 31. Qe4 Ng6 32. Bxf6 Qa2 33. Bxg7+ Kxg7 34. Nf3 Qxf2+ 35. Kh1 Rxb1 36. Rxb1 Rf7 37. h4 Rf4 38. Qe6 Rxf3 39. gxf3 Qxh4+ 0-1

[Event "DEN-ch rapid"]
[Site "Fredericia"]
[Date "2016.09.25"]
[Round "7"]
[White "Bank Friis, Carsten"]
[Black "Glud, Jakob Vang"]
[Result "1/2-1/2"]
[WhiteElo "2217"]
[BlackElo "2514"]
[PlyCount "132"]
[EventDate "2016.09.25"]
[EventType "swiss (rapid)"]
[EventRounds "7"]
[EventCountry "DEN"]
[SourceTitle "EXT 2018"]
[Source "ChessBase"]
[SourceDate "2017.10.13"]
[SourceVersion "1"]
[SourceVersionDate "2017.10.13"]
[SourceQuality "1"]

1. d4 Nf6 2. c4 e6 3. Nf3 d5 4. Nc3 Nbd7 5. cxd5 exd5 6. Bg5 c6 7. e3 Bd6 8. Qc2 0-0 9. Bd3 h6 10. Bh4 a5 11. a4 Re8 12. 0-0 Nb6 13. Bg3 Bxg3 14. hxg3 Ng4 15. b3 Bd7 16. Rac1 Nc8 17. e4 dxe4 18. Nxe4 Bf5 19. Nc5 Bxd3 20. Nxd3 Nd6 21. Nde5 Nf6 22. Rfe1 Nd5 23. Nc4 Qc7 24. Rxe8+ Rxe8 25. Qd2 Nb4 26. Re1 Rd8 27. Qc3 b6 28. Nce5 Nf5 29. g4 Ne7 30. g5 h5 31. Qc4 Rd5 32. g6 Nxg6 33. Nxg6 fxg6 34. Re8+ Kf7 35. Qe2 Qd7 36. Rb8 Qe7 37. Ne5+ Rxe5 38. dxe5 Nd5 39. Qf3+ Ke6 40. Qe4 Qg5 41. g3 Qf5 42. Qc4 Kxe5 43. Qxc6 Qb1+ 44. Kg2 Qxb3 45. Re8+ Kd4 46. Qxg6 Qd3 47. Qxg7+ Kc4 48. Qb7 Kb4 49. Re5 Kc5 50. Rxh5 Qe4+ 51. Kh2 Qf3 52. Qc8+ Kb4 53. Rh4+ Ka3 54. Qc2 Nb4 55. Qd2 Kxa4 56. Rf4 Qh5+ 57. Kg2 Qe5 58. Qa2+ Kb5 59. Qc4+ Ka4 60. Qc6+ Kb3 61. Qxb6 Qd5+ 62. Kh2 Qh5+ 63. Kg1 Qd1+ 64. Kg2 Qd5+ 65. Kh2 Qh5+ 66. Kg2 Qd5+ 1/2-1/2

[Event "DEN-ch rapid"]
[Site "Fredericia"]
[Date "2016.09.25"]
[Round "6"]
[White "Fries Nielsen, Jens Ove"]
[Black "Bank Friis, Carsten"]
[Result "0-1"]
[WhiteElo "2426"]
[BlackElo "2217"]
[PlyCount "56"]
[EventDate "2016.09.25"]
[EventType "swiss (rapid)"]
[EventRounds "7"]
[EventCountry "DEN"]
[SourceTitle "EXT 2018"]
[Source "ChessBase"]
[SourceDate "2017.10.13"]
[SourceVersion "1"]
[SourceVersionDate "2017.10.13"]
[SourceQuality "1"]

1. d4 Nf6 2. Bg5 c5 3. Bxf6 gxf6 4. dxc5 Qa5+ 5. Nc3 Qxc5 6. e4 e6 7. Qf3 Be7 8. 0-0-0 a6 9. Nge2 Nc6 10. Kb1 b5 11. Nf4 Ne5 12. Qg3 Bb7 13. Nd3 Nxd3 14. cxd3 b4 15. Ne2 Qd6 16. Rc1 Qxg3 17. hxg3 Bd6 18. Rh5 Ke7 19. Nd4 Rac8 20. Rxc8 Rxc8 21. Nb3 Bc7 22. Nc5 Rb8 23. d4 Bb6 24. Nxb7 Rxb7 25. Bxa6 Rc7 26. Rxh7 Bxd4 27. f3 Be3 28. Bd3 Rc1# 0-1

[Event "Fredericia"]
[Site "Fredericia"]
[Date "2015.05.09"]
[Round "6"]
[White "Rydstrom, Tom"]
[Black "Bank Friis, Carsten"]
[Result "1-0"]
[WhiteElo "2291"]
[BlackElo "2261"]
[PlyCount "67"]
[EventDate "2015.05.06"]
[EventType "tourn"]
[EventRounds "9"]
[EventCountry "DEN"]
[EventCategory "4"]
[SourceTitle "CBM 166 Extra"]
[Source "ChessBase"]
[SourceDate "2015.06.18"]
[SourceVersion "1"]
[SourceVersionDate "2015.06.18"]
[SourceQuality "1"]

1. e4 c6 2. d4 d5 3. f3 dxe4 4. fxe4 e5 5. Nf3 Bg4 6. Bc4 Nd7 7. 0-0 Ngf6 8. c3 Bd6 9. Bg5 0-0 10. Nbd2 b5 11. Bb3 Qb6 12. Bc2 Rae8 13. Qe1 Bxf3 14. Nxf3 exd4 15. Nxd4 Nxe4 16. Bxe4 f5 17. Bxf5 Rxe1 18. Raxe1 Nf6 19. Kh1 h6 20. Bh4 b4 21. Ne6 Rb8 22. Nxg7 Kxg7 23. Bxf6+ Kxf6 24. Re6+ Kg7 25. Rxd6 Qe3 26. Bd3 bxc3 27. bxc3 Re8 28. h3 Re6 29. Rd4 Re5 30. Rf3 Qe1+ 31. Kh2 c5 32. Rg4+ Rg5 33. Re4 Qd2 34. Re7+ 1-0

[Event "Fredericia Spring-A"]
[Site "Fredericia"]
[Date "2014.06.02"]
[Round "4"]
[White "Marcussen, Claus"]
[Black "Bank Friis, Carsten"]
[Result "1-0"]
[WhiteElo "1857"]
[BlackElo "2259"]
[PlyCount "93"]
[EventDate "2014.05.05"]
[EventType "tourn"]
[EventRounds "5"]
[EventCountry "DEN"]
[SourceTitle "EXT 2018"]
[Source "ChessBase"]
[SourceDate "2017.10.13"]
[SourceVersion "1"]
[SourceVersionDate "2017.10.13"]
[SourceQuality "1"]

1. f4 c6 2. d4 Nf6 3. e3 g6 4. Nf3 Bg7 5. c4 d6 6. Bd3 Bf5 7. Nc3 Bxd3 8. Qxd3 Nbd7 9. f5 Qa5 10. e4 gxf5 11. exf5 c5 12. d5 Ng4 13. Bd2 0-0-0 14. Qc2 Nde5 15. Nb5 Qb6 16. a4 Rde8 17. a5 Qa6 18. 0-0 Kb8 19. Rab1 e6 20. Nxe5 Nxe5 21. dxe6 fxe6 22. f6 Bf8 23. b4 Qc6 24. Na3 cxb4 25. Bxb4 Nf7 26. Be1 Qc5+ 27. Bf2 Qxa5 28. Ra1 a6 29. Rfb1 Qc7 30. Qa4 Bh6 31. Qxa6 Nd8 32. Qa7+ Kc8 33. Bb6 Nc6 34. Qa4 Qb8 35. Nb5 Kd7 36. Bc7 Qxc7 37. Nxc7 Kxc7 38. Qb3 Rb8 39. c5 dxc5 40. Qb6+ Kd6 41. Rd1+ Ke5 42. Qc7+ Kf5 43. Rf1+ Kg6 44. Ra3 Nd4 45. Rg3+ Kh5 46. Qe5+ Nf5 47. Qe2+ 1-0

[Event "Fredericia Glenco"]
[Site "Fredericia"]
[Date "2014.05.21"]
[Round "1"]
[White "Teplyi, Igor"]
[Black "Bank Friis, Carsten"]
[Result "1-0"]
[WhiteElo "2401"]
[BlackElo "2255"]
[PlyCount "55"]
[EventDate "2014.05.21"]
[EventType "tourn"]
[EventRounds "9"]
[EventCountry "DEN"]
[EventCategory "5"]
[SourceTitle "CBM 160 Extra"]
[Source "ChessBase"]
[SourceDate "2014.07.01"]
[SourceVersion "1"]
[SourceVersionDate "2014.07.01"]
[SourceQuality "1"]

1. d4 d6 2. Nf3 Nd7 3. e4 e5 4. Bc4 Be7 5. dxe5 Nxe5 6. Nxe5 dxe5 7. Qh5 g6 8. Qxe5 f6 9. Qb5+ Kf8 10. Bb3 Kg7 11. Nc3 Nh6 12. Bd2 c6 13. Qc4 Qe8 14. a4 Rf8 15. 0-0-0 Nf7 16. f4 a5 17. Qe2 Bb4 18. Bc4 Be6 19. Bd3 Bd7 20. Rde1 Nd8 21. h4 Ne6 22. Qe3 Bc5 23. Qg3 Qb8 24. h5 g5 25. e5 fxe5 26. f5 Nd4 27. Bxg5 Kh8 28. h6 1-0

[Event "Fredericia Spring-A"]
[Site "Fredericia"]
[Date "2014.05.05"]
[Round "1"]
[White "Nielsen, Lasse"]
[Black "Bank Friis, Carsten"]
[Result "0-1"]
[WhiteElo "1864"]
[BlackElo "2259"]
[PlyCount "52"]
[EventDate "2014.05.05"]
[EventType "tourn"]
[EventRounds "5"]
[EventCountry "DEN"]
[SourceTitle "EXT 2018"]
[Source "ChessBase"]
[SourceDate "2017.10.13"]
[SourceVersion "1"]
[SourceVersionDate "2017.10.13"]
[SourceQuality "1"]

1. e4 c6 2. d4 d5 3. e5 Bf5 4. Be3 e6 5. Nd2 Nd7 6. Be2 c5 7. c3 Ne7 8. f4 Nc6 9. a3 a5 10. Ngf3 Qb6 11. b3 Be7 12. 0-0 Rc8 13. Rc1 Bg6 14. Bf2 0-0 15. Ra1 cxd4 16. cxd4 Na7 17. a4 Nc6 18. Bb5 Ndb8 19. Qe2 Nb4 20. Rac1 N8c6 21. Nb1 Na7 22. Rfd1 Nxb5 23. axb5 Bc2 24. Rd2 Bxb3 25. Rxc8 Rxc8 26. Rb2 Bc4 0-1

[Event "Fredericia Spring-A"]
[Site "Fredericia"]
[Date "2013.05.13"]
[Round "2"]
[White "Svane, Henrik"]
[Black "Bank Friis, Carsten"]
[Result "1/2-1/2"]
[WhiteElo "2089"]
[BlackElo "2290"]
[PlyCount "21"]
[EventDate "2013.04.29"]
[EventType "tourn"]
[EventRounds "5"]
[EventCountry "DEN"]
[SourceTitle "EXT 2018"]
[Source "ChessBase"]
[SourceDate "2017.10.13"]
[SourceVersion "1"]
[SourceVersionDate "2017.10.13"]
[SourceQuality "1"]

1. d4 d6 2. e4 g6 3. c4 Bg7 4. Nc3 Nf6 5. Nf3 0-0 6. Be2 Nc6 7. 0-0 e5 8. d5 Ne7 9. b4 a5 10. Ba3 axb4 11. Bxb4 1/2-1/2

[Event "Fredericia Glenco"]
[Site "Fredericia"]
[Date "2013.05.05"]
[Round "9"]
[White "Fries Nielsen, Jens Ove"]
[Black "Bank Friis, Carsten"]
[Result "1-0"]
[WhiteElo "2383"]
[BlackElo "2290"]
[PlyCount "109"]
[EventDate "2013.05.01"]
[EventType "tourn"]
[EventRounds "9"]
[EventCountry "DEN"]
[EventCategory "5"]
[SourceTitle "CBM 154 Extra"]
[Source "ChessBase"]
[SourceDate "2013.06.25"]
[SourceVersion "2"]
[SourceVersionDate "2013.06.25"]
[SourceQuality "1"]

1. d4 d5 2. Nc3 Nf6 3. Bf4 Bf5 4. f3 h6 5. e4 dxe4 6. Qe2 c6 7. fxe4 Bg4 8. Qd2 e6 9. a3 Qa5 10. Bd3 Nbd7 11. h3 Bh5 12. g4 Bg6 13. 0-0-0 0-0-0 14. Kb1 e5 15. Bh2 Qc7 16. Nf3 Bd6 17. d5 Nc5 18. Rhe1 Rhe8 19. dxc6 bxc6 20. Qe3 Nfd7 21. b4 Nxd3 22. cxd3 Kb7 23. Nd2 f6 24. Bg1 Qb8 25. Nc4 Bc7 26. Na4 Bf7 27. Rc1 Bxc4 28. Rxc4 Bb6 29. Qe2 Qd6 30. Qc2 Nf8 31. Nxb6 axb6 32. Rc1 Re6 33. Rc3 Ng6 34. Qf2 Qc7 35. Qa2 Red6 36. a4 Ra8 37. a5 Nf4 38. Qc2 b5 39. Bc5 Re6 40. Bb6 Qd6 41. Bc5 Qd7 42. h4 Ree8 43. Bb6 Rec8 44. Be3 Ne6 45. Ra3 Nd4 46. Qc5 Ra6 47. Bxd4 exd4 48. g5 hxg5 49. hxg5 Re8 50. gxf6 gxf6 51. Rg1 Qh3 52. Qxd4 Ka8 53. Rc3 Qe6 54. Rf1 c5 55. Qxc5 1-0

[Event "Fredericia Glenco"]
[Site "Fredericia"]
[Date "2013.05.04"]
[Round "7"]
[White "Pavlovic, Milos"]
[Black "Bank Friis, Carsten"]
[Result "1/2-1/2"]
[WhiteElo "2504"]
[BlackElo "2290"]
[PlyCount "52"]
[EventDate "2013.05.01"]
[EventType "tourn"]
[EventRounds "9"]
[EventCountry "DEN"]
[EventCategory "5"]
[SourceTitle "CBM 154 Extra"]
[Source "ChessBase"]
[SourceDate "2013.06.25"]
[SourceVersion "2"]
[SourceVersionDate "2013.06.25"]
[SourceQuality "1"]

1. e4 c6 2. d4 d5 3. Nd2 dxe4 4. Nxe4 Nf6 5. Nxf6+ gxf6 6. Nf3 Bf5 7. g3 Na6 8. Bg2 Nb4 9. 0-0 Qd7 10. Bd2 Nxc2 11. Rc1 Nxd4 12. Nxd4 Qxd4 13. Qb3 Qb6 14. Qf3 Bd7 15. Rfe1 0-0-0 16. Be3 Qa5 17. Bc5 Be6 18. b4 Qa4 19. b5 Qxb5 20. Qa3 Bc4 21. Qxa7 e6 22. Rxc4 Qxc4 23. Qa8+ Kc7 24. Qa5+ Kc8 25. Qa8+ Kc7 26. Qa5+ Kc8 1/2-1/2

[Event "Fredericia Glenco"]
[Site "Fredericia"]
[Date "2013.05.03"]
[Round "4"]
[White "Bank Friis, Carsten"]
[Black "Westerinen, Heikki MJ"]
[Result "1/2-1/2"]
[WhiteElo "2290"]
[BlackElo "2335"]
[PlyCount "33"]
[EventDate "2013.05.01"]
[EventType "tourn"]
[EventRounds "9"]
[EventCountry "DEN"]
[EventCategory "5"]
[SourceTitle "CBM 154 Extra"]
[Source "ChessBase"]
[SourceDate "2013.06.25"]
[SourceVersion "2"]
[SourceVersionDate "2013.06.25"]
[SourceQuality "1"]

1. d4 c5 2. d5 e5 3. Nc3 d6 4. e4 Be7 5. Nf3 a6 6. a4 Bg4 7. Be2 Bxf3 8. Bxf3 Bg5 9. 0-0 Nh6 10. g3 Bxc1 11. Qxc1 0-0 12. Bg2 Nd7 13. f4 Qe7 14. Qd2 Rfb8 15. Kh1 Nf8 16. Qe2 f6 17. Bh3 1/2-1/2

[Event "Fredericia Glenco"]
[Site "Fredericia"]
[Date "2013.05.02"]
[Round "2"]
[White "Bank Friis, Carsten"]
[Black "Teplyi, Igor"]
[Result "1/2-1/2"]
[WhiteElo "2290"]
[BlackElo "2410"]
[PlyCount "35"]
[EventDate "2013.05.01"]
[EventType "tourn"]
[EventRounds "9"]
[EventCountry "DEN"]
[EventCategory "5"]
[SourceTitle "CBM 154 Extra"]
[Source "ChessBase"]
[SourceDate "2013.06.25"]
[SourceVersion "2"]
[SourceVersionDate "2013.06.25"]
[SourceQuality "1"]

1. d4 Nf6 2. c4 g6 3. Nc3 d5 4. Bg5 Ne4 5. Bh4 Nxc3 6. bxc3 dxc4 7. e3 Be6 8. Rb1 b6 9. Nf3 Bg7 10. Ng5 Bd5 11. e4 h6 12. exd5 hxg5 13. Bg3 Qxd5 14. Be2 c6 15. 0-0 e6 16. Qa4 b5 17. Qa3 Qd7 18. Rfe1 1/2-1/2

[Event "Fredericia-ch A"]
[Site "Fredericia"]
[Date "2012.09.24"]
[Round "4"]
[White "Bank Friis, Carsten"]
[Black "Jensen, Henning Brogger"]
[Result "0-1"]
[WhiteElo "2303"]
[BlackElo "1879"]
[PlyCount "56"]
[EventDate "2012.09.03"]
[EventType "tourn"]
[EventRounds "5"]
[EventCountry "DEN"]
[SourceTitle "EXT 2023"]
[Source "ChessBase"]
[SourceDate "2022.10.05"]
[SourceVersion "1"]
[SourceVersionDate "2022.10.05"]
[SourceQuality "1"]

1. d4 Nf6 2. c4 g6 3. Nc3 d5 4. Bg5 Ne4 5. Bh4 Nxc3 6. bxc3 Bg7 7. e3 c5 8. Nf3 cxd4 9. cxd4 Nc6 10. Rb1 0-0 11. Qa4 dxc4 12. Bxc4 a6 13. 0-0 Ra7 14. Qc2 Bf5 15. Bd3 Bxd3 16. Qxd3 b5 17. Rfc1 Qd7 18. Bg3 Rd8 19. Rc5 e6 20. Rbc1 Nb4 21. Qb3 Nd5 22. Ne5 Bxe5 23. Bxe5 f6 24. Bg3 b4 25. Rc6 Kf7 26. R1c5 a5 27. e4 Nc3 28. Rc7 Ne2+ 0-1

[Event "Fredericia-ch A"]
[Site "Fredericia"]
[Date "2012.09.03"]
[Round "1"]
[White "Bank Friis, Carsten"]
[Black "Nielsen, Aage Sondergaard"]
[Result "1-0"]
[WhiteElo "2303"]
[BlackElo "1831"]
[PlyCount "71"]
[EventDate "2012.09.03"]
[EventType "tourn"]
[EventRounds "5"]
[EventCountry "DEN"]
[SourceTitle "EXT 2023"]
[Source "ChessBase"]
[SourceDate "2022.10.05"]
[SourceVersion "1"]
[SourceVersionDate "2022.10.05"]
[SourceQuality "1"]

1. d4 Nf6 2. c4 g6 3. Nc3 d5 4. Bg5 Ne4 5. Bh4 Nxc3 6. bxc3 Bg7 7. e3 0-0 8. cxd5 Qxd5 9. Bxe7 Re8 10. Ba3 Nc6 11. Bc1 Na5 12. Nf3 g5 13. Qd3 g4 14. Nd2 c5 15. Qb5 Nc6 16. Bb2 b6 17. 0-0-0 Bd7 18. Qc4 Qxc4 19. Nxc4 cxd4 20. cxd4 b5 21. Nd6 Nb4 22. Bd3 Re6 23. Nb7 Nxa2+ 24. Kb1 Nb4 25. Nc5 Nxd3 26. Rxd3 Rd6 27. Rd2 Bf5+ 28. e4 Bg6 29. f3 Rc8 30. Nb3 Rc4 31. d5 Rb4 32. Rd3 gxf3 33. gxf3 Bxb2 34. Kxb2 a5 35. Rd4 Rxd4 36. Nxd4 1-0

[Event "Fredericia Foraar A"]
[Site "Fredericia"]
[Date "2012.06.04"]
[Round "5"]
[White "Bank Friis, Carsten"]
[Black "Lysdal, Knud"]
[Result "1-0"]
[WhiteElo "2289"]
[BlackElo "1983"]
[PlyCount "109"]
[EventDate "2012.04.30"]
[EventType "tourn"]
[EventRounds "5"]
[EventCountry "DEN"]
[SourceTitle "EXT 2023"]
[Source "ChessBase"]
[SourceDate "2022.10.05"]
[SourceVersion "1"]
[SourceVersionDate "2022.10.05"]
[SourceQuality "1"]

1. d4 Nf6 2. c4 e6 3. Nc3 d5 4. Bg5 Be7 5. e3 0-0 6. Qc2 b6 7. cxd5 exd5 8. Bd3 h6 9. Bf4 c5 10. Nf3 Nc6 11. a3 cxd4 12. Ne2 Bd7 13. Nexd4 Nxd4 14. Nxd4 Rc8 15. Qb3 Rc5 16. 0-0 Ne4 17. Qa2 Qa8 18. f3 Nd6 19. Rad1 Nc4 20. Nb3 Rcc8 21. e4 g5 22. Bc1 Be6 23. Qb1 Bf6 24. Bxc4 dxc4 25. Nd4 Rfe8 26. Qc2 a6 27. Nxe6 Rxe6 28. Rd5 b5 29. Rfd1 Qa7+ 30. Kh1 c3 31. R1d3 Rec6 32. b4 Qe7 33. Be3 Be5 34. g3 Qf6 35. Kg2 Rc4 36. Rd1 Kg7 37. f4 gxf4 38. gxf4 Bxf4 39. Bd4 Rxd4 40. R5xd4 Be3 41. Rd6 Qh4 42. Kh1 Kh8 43. Rf1 Bf4 44. Rd3 Be5 45. Rdf3 f6 46. R3f2 Rc4 47. Re2 Qh3 48. Rg1 Qf3+ 49. Rgg2 Rd4 50. Qc1 Bf4 51. Qg1 Rd7 52. Ref2 Bxh2 53. Rxf3 Bxg1 54. Kxg1 Rd1+ 55. Rf1 1-0

[Event "Odense Fynsmesterskabet"]
[Site "Odense"]
[Date "2011.06.04"]
[Round "7"]
[White "Bank Friis, Carsten"]
[Black "Frantsen, Tom"]
[Result "0-1"]
[WhiteElo "2321"]
[BlackElo "2117"]
[PlyCount "100"]
[EventDate "2011.06.01"]
[EventType "swiss"]
[EventRounds "9"]
[EventCountry "DEN"]
[SourceTitle "CBM 142 Extra"]
[Source "ChessBase"]
[SourceDate "2011.06.27"]
[SourceVersion "1"]
[SourceVersionDate "2011.06.27"]
[SourceQuality "1"]

1. d4 Nf6 2. c4 e6 3. g3 Bb4+ 4. Bd2 Qe7 5. Bg2 0-0 6. Nc3 d5 7. cxd5 Bxc3 8. Bxc3 Nxd5 9. Qb3 Rd8 10. Nf3 Nxc3 11. Qxc3 Na6 12. Rc1 Rb8 13. 0-0 Bd7 14. e4 Bb5 15. Rfe1 c6 16. a3 Nc7 17. Qe3 Ba6 18. Nd2 Rd7 19. Nb3 Rbd8 20. Red1 e5 21. Bf3 exd4 22. Rxd4 Rxd4 23. Nxd4 Qe5 24. Rd1 g6 25. Rd2 Ne6 26. Nxe6 Rxd2 27. Qxd2 Qxe6 28. Qd8+ Kg7 29. Qd4+ Qf6 30. Qc3 Qxc3 31. bxc3 Kf6 32. Bd1 Ke5 33. f3 Bc4 34. Kf2 a5 35. Ke3 c5 36. f4+ Kd6 37. e5+ Kc6 38. Bf3+ Kb5 39. Bxb7 Ka4 40. g4 Kxa3 41. f5 gxf5 42. gxf5 a4 43. Ke4 Kb3 44. e6 Bxe6 45. fxe6 fxe6 46. Kd3 c4+ 47. Kd4 e5+ 48. Kd5 Kxc3 49. Ba6 a3 50. Bxc4 e4 0-1

[Event "Odense Fynsmesterskabet"]
[Site "Odense"]
[Date "2011.06.02"]
[Round "2"]
[White "Bank Friis, Carsten"]
[Black "Tikkanen, Hans"]
[Result "0-1"]
[WhiteElo "2321"]
[BlackElo "2560"]
[PlyCount "80"]
[EventDate "2011.06.01"]
[EventType "swiss"]
[EventRounds "9"]
[EventCountry "DEN"]
[SourceTitle "CBM 142 Extra"]
[Source "ChessBase"]
[SourceDate "2011.06.27"]
[SourceVersion "1"]
[SourceVersionDate "2011.06.27"]
[SourceQuality "1"]

1. d4 d5 2. Nf3 Nf6 3. Bf4 c5 4. c3 cxd4 5. cxd4 Qb6 6. Qb3 Qxb3 7. axb3 Na6 8. Nc3 Bd7 9. Ne5 Nb4 10. Kd2 Nh5 11. Nxd7 Kxd7 12. Be3 e6 13. f3 Bd6 14. Bf2 f5 15. g3 Rhf8 16. e3 g5 17. Bd3 Nxd3 18. Kxd3 Nf6 19. Rhf1 Bb4 20. Na2 Be7 21. Be1 g4 22. fxg4 Nxg4 23. Bb4 Rf7 24. h3 Nf6 25. g4 fxg4 26. hxg4 Rg8 27. Bxe7 Kxe7 28. Nc3 a6 29. b4 Nxg4 30. Rxf7+ Kxf7 31. b5 axb5 32. Nxb5 Nf2+ 33. Ke2 Ne4 34. Ra7 Rg2+ 35. Ke1 Rxb2 36. Rxb7+ Kf6 37. Nd6 Rxb7 38. Nxb7 Kf5 39. Ke2 h5 40. Nd8 h4 0-1

[Event "Fyn-ch"]
[Site "Odense"]
[Date "2010.02.25"]
[Round "5"]
[White "Bank Friis, Carsten"]
[Black "Bove Quist, Viggo"]
[Result "1/2-1/2"]
[WhiteElo "2326"]
[BlackElo "2165"]
[PlyCount "103"]
[EventDate "2010.01.14"]
[EventType "swiss"]
[EventRounds "7"]
[EventCountry "DEN"]
[SourceTitle "EXT 2018"]
[Source "ChessBase"]
[SourceDate "2017.10.13"]
[SourceVersion "1"]
[SourceVersionDate "2017.10.13"]
[SourceQuality "1"]

1. d4 c5 2. c3 Nf6 3. Nf3 e6 4. Bf4 Nc6 5. e3 d5 6. Nbd2 Bd6 7. dxc5 Bxc5 8. Bd3 0-0 9. 0-0 Qe7 10. Bg5 h6 11. Bh4 Rd8 12. Qc2 e5 13. e4 d4 14. c4 b6 15. a3 a5 16. Ne1 g5 17. Bg3 Nh5 18. Be2 Nf4 19. Bxf4 gxf4 20. Nd3 Kh8 21. Kh1 Rg8 22. Rg1 Bb7 23. g3 fxg3 24. fxg3 Qe6 25. Raf1 Ne7 26. Bf3 Rac8 27. Qd1 Bd6 28. a4 Rg7 29. b3 Ng8 30. Bg2 Nf6 31. Qf3 Rg6 32. h3 Rc7 33. Kh2 h5 34. Qe2 Rh6 35. Rh1 Bc8 36. Nf3 Qe7 37. Nh4 Qe8 38. Nf5 Bxf5 39. Rxf5 Re7 40. Bf3 h4 41. gxh4 Re6 42. h5 Nh7 43. Rg1 Ref6 44. Qg2 Qf8 45. Kh1 Rxf5 46. exf5 Nf6 47. Nf2 Rh7 48. Bg4 Qc8 49. Ne4 Be7 50. Nxf6 Bxf6 51. Qd5 Qd8 52. Qe4 1/2-1/2

[Event "Fyn-ch"]
[Site "Odense"]
[Date "2010.02.18"]
[Round "4"]
[White "Sorensen, Per Smidt"]
[Black "Bank Friis, Carsten"]
[Result "0-1"]
[WhiteElo "2105"]
[BlackElo "2326"]
[PlyCount "76"]
[EventDate "2010.01.14"]
[EventType "swiss"]
[EventRounds "7"]
[EventCountry "DEN"]
[SourceTitle "EXT 2018"]
[Source "ChessBase"]
[SourceDate "2017.10.13"]
[SourceVersion "1"]
[SourceVersionDate "2017.10.13"]
[SourceQuality "1"]

1. Nf3 d5 2. c4 c6 3. b3 Nf6 4. Bb2 Bf5 5. g3 e6 6. Bg2 h6 7. 0-0 Nbd7 8. d3 Be7 9. Nbd2 0-0 10. Re1 Bh7 11. a3 a5 12. Qc2 Qb6 13. Qc3 Rfd8 14. Rad1 Nc5 15. h3 Ne8 16. Qc2 Rac8 17. Bd4 Bf6 18. Bxf6 Nxf6 19. Qc3 d4 20. Qc2 Na6 21. Rb1 e5 22. Nxe5 Qc5 23. Ng4 Nxg4 24. hxg4 Qxa3 25. Ra1 Qc5 26. Be4 g6 27. Bf3 Nb4 28. Qc1 f5 29. gxf5 gxf5 30. Kg2 Rd6 31. Rh1 Rc7 32. Rh4 Rg7 33. Rf4 Qe5 34. Nf1 Nc2 35. Ra2 Ne1+ 36. Kg1 Nxf3+ 37. exf3 b6 38. Qd1 Qxf4 0-1

[Event "Fyn-ch"]
[Site "Odense"]
[Date "2010.01.28"]
[Round "2"]
[White "Pedersen, Jan Kaas"]
[Black "Bank Friis, Carsten"]
[Result "0-1"]
[WhiteElo "2053"]
[BlackElo "2326"]
[PlyCount "62"]
[EventDate "2010.01.14"]
[EventType "swiss"]
[EventRounds "7"]
[EventCountry "DEN"]
[SourceTitle "EXT 2018"]
[Source "ChessBase"]
[SourceDate "2017.10.13"]
[SourceVersion "1"]
[SourceVersionDate "2017.10.13"]
[SourceQuality "1"]

1. d4 Nf6 2. Nf3 d5 3. Bg5 c6 4. c3 Bf5 5. Nbd2 h6 6. Bh4 Nbd7 7. e3 Qb6 8. Qb3 e6 9. Be2 g5 10. Bg3 Nh5 11. c4 Qxb3 12. axb3 Nxg3 13. hxg3 f6 14. c5 a6 15. b4 0-0-0 16. Nb3 Rh7 17. Na5 Nb8 18. 0-0 Re7 19. Nd2 e5 20. dxe5 fxe5 21. e4 Bxe4 22. Nxe4 dxe4 23. Nc4 Kc7 24. Nd6 Rg7 25. Nf5 Rf7 26. g4 b5 27. Rfe1 Rd2 28. Bd1 Rxb2 29. Rxe4 Rd7 30. Bf3 Rdd2 31. Rxe5 Rxb4 0-1

[Event "Fyn-ch"]
[Site "Odense"]
[Date "2008.01.24"]
[Round "2"]
[White "Bank Friis, Carsten"]
[Black "Hansen, Rene Rauer"]
[Result "1-0"]
[WhiteElo "2270"]
[BlackElo "1876"]
[PlyCount "49"]
[EventDate "2008.01.10"]
[EventType "swiss"]
[EventRounds "7"]
[EventCountry "DEN"]
[SourceTitle "EXT 2018"]
[Source "ChessBase"]
[SourceDate "2017.10.13"]
[SourceVersion "1"]
[SourceVersionDate "2017.10.13"]
[SourceQuality "1"]

1. c4 g6 2. Nc3 Bg7 3. g3 Nf6 4. Bg2 0-0 5. b4 e5 6. Bb2 d6 7. d3 Nc6 8. a3 Rb8 9. Nf3 Bd7 10. 0-0 Ne7 11. Qb3 h6 12. Rfd1 a6 13. d4 exd4 14. Nxd4 Qe8 15. b5 axb5 16. Ndxb5 Qc8 17. Rac1 Bc6 18. e4 Nd7 19. Nd5 Nxd5 20. Bxg7 Kxg7 21. Nxd6 Qd8 22. cxd5 cxd6 23. dxc6 bxc6 24. Qc3+ Nf6 25. e5 1-0

[Event "DEN-chB"]
[Site "Aarhus"]
[Date "1999.04.04"]
[Round "6"]
[White "Jacobsen, Bo"]
[Black "Bank Friis, Carsten"]
[Result "1-0"]
[WhiteElo "2283"]
[BlackElo "2291"]
[PlyCount "103"]
[EventDate "1999.??.??"]
[EventType "swiss"]
[EventRounds "7"]
[EventCountry "DEN"]
[SourceTitle "EXT 2000"]
[Source "ChessBase"]
[SourceDate "1999.11.16"]
[SourceVersion "1"]
[SourceVersionDate "1999.11.16"]
[SourceQuality "1"]

1. g3 d5 2. Nf3 c5 3. Bg2 Nc6 4. 0-0 e5 5. c4 d4 6. e3 Bd6 7. Re1 Nge7 8. exd4 cxd4 9. b4 f6 10. c5 Bc7 11. Qb3 Qd5 12. Qa4 Qc4 13. a3 Bd7 14. Qd1 Bf5 15. d3 Qxd3 16. Nfd2 Qc2 17. Qf3 a5 18. b5 Nd8 19. a4 Rc8 20. Bf1 Qxc5 21. Bc4 Qb6 22. Ne4 Bxe4 23. Qxe4 Bd6 24. Bb3 Nf7 25. Na3 Bb4 26. Rd1 Rc3 27. Qb1 Ng5 28. Nc2 Bd6 29. Kg2 Qc7 30. Ne1 b6 31. Rd3 Ne4 32. f3 Rxd3 33. Nxd3 Nc5 34. Nxc5 Bxc5 35. Qe4 g5 36. Bd2 Kf8 37. Re1 Ng6 38. h4 gxh4 39. gxh4 Kg7 40. h5 f5 41. Qd5 Nh4+ 42. Kh3 Rd8 43. Qe6 Qe7 44. Qh6+ Kh8 45. Bg5 Rd6 46. Bxe7 Rxh6 47. Bxh4 Rxh5 48. Rxe5 d3 49. Bf7 d2 50. Rd5 Rh6 51. Rxd2 Bb4 52. Rg2 1-0